| 000 | 01675nam a2200313 i 4500 | ||
|---|---|---|---|
| 003 | EG-ScBUE | ||
| 005 | 20230607100933.0 | ||
| 008 | 190611n201u ua f 000 0 ara d | ||
| 040 |
_aEG-ScBUE _bara _erda _cEG-ScBUE _dEG-ScBUE |
||
| 082 | 0 | 4 |
_a297.27 _bن ج ا _222 |
| 100 | 1 |
_aنجار، عبد الله مبروك، _eمؤلف. |
|
| 245 | 1 | 0 |
_aمفاهيم يجب أن تصحح / _cإعداد أ. د. عبد الله مبروك النجار، عضو مجمع البحوث الإسلامية، محمد سالم أبو عاصي، عميد كلية الدراسات العليا بجامعة الأزهر ؛ مراجعة وتقديم محمد مختار جمعة، وزير الأوقاف، رئيس المجلس الأعلى للشئون الإسلامية، عضو مجمع البحوث الإسلامية.. |
| 250 | _aطبعة خاصة. | ||
| 264 | 1 |
_a[القاهرة] : _bوزارة الأوقاف، المجلس الأعلى للشئون الإسلامية، _c[201-?] |
|
| 300 |
_a64 صفحة ؛ _c24 سم |
||
| 336 |
_2rdacontent _atext _btxt |
||
| 337 |
_2rdamedia _aunmediated _bn |
||
| 338 |
_2rdacarrier _avolume _bnc |
||
| 490 | 0 |
_aنحو تجديد الخطاب الديني ؛ _v2 |
|
| 650 | 7 |
_aالحرب (فقه إسلامي) _2BUEsh |
|
| 650 | 7 |
_aالإرهاب (فقه إسلامي) _2BUEsh |
|
| 650 | 7 |
_aالمواطنة (فقه إسلامي) _2BUEsh |
|
| 650 | 7 |
_aالجهاد (فقه إسلامي) _2BUEsh |
|
| 655 | _vReading book | ||
| 700 | 1 |
_aأبو عاصي، محمد سالم، _eمعد. _917408 |
|
| 700 | 1 |
_aجمعة، محمد مختار، _eمراجع، _eمقدم. |
|
| 942 |
_2ddc _cBB |
||
| 999 |
_c30459 _d30430 |
||